SERVICES MARKETING (Record no. 8509)

MARC details
000 -LEADER
fixed length control field 00336nam a22001457a 4500
005 - DATE AND TIME OF LATEST TRANSACTION
control field 20240130120208.0
008 - FIXED-LENGTH DATA ELEMENTS--GENERAL INFORMATION
fixed length control field 240130b |||||||| |||| 00| 0 eng d
020 ## - INTERNATIONAL STANDARD BOOK NUMBER
ISBN 0-19-566-758-1
041 ## - LANGUAGE CODE
Language code of text/sound track or separate title eng
100 ## - MAIN ENTRY--AUTHOR NAME
Personal name APTE, GOVIND
245 ## - TITLE STATEMENT
Title SERVICES MARKETING
260 ## - PUBLICATION, DISTRIBUTION, ETC. (IMPRINT)
Place of publication NEW YORK
Name of publisher OXFORD
Year of publication 2004
300 ## - PHYSICAL DESCRIPTION
Number of Pages 440'P
942 ## - ADDED ENTRY ELEMENTS (KOHA)
Koha item type Books
Holdings
Lost status Damaged status Home library Current library Date acquired Source of acquisition Accession Number Koha item type
    JRU Library JRU Library 25/01/2020 DONATION 23611 Books